<?xml version="1.0" encoding="UTF-8"?><?xml-stylesheet type="text/xsl" href="static/style.xsl"?><OAI-PMH xmlns="http://www.openarchives.org/OAI/2.0/" xmlns:xsi="http://www.w3.org/2001/XMLSchema-instance" xsi:schemaLocation="http://www.openarchives.org/OAI/2.0/ http://www.openarchives.org/OAI/2.0/OAI-PMH.xsd"><responseDate>2026-06-03T04:45:49Z</responseDate><request verb="GetRecord" identifier="oai:riuma.uma.es:10630/20735" metadataPrefix="marc">https://riuma.uma.es/rest/oai/request</request><GetRecord><record><header><identifier>oai:riuma.uma.es:10630/20735</identifier><datestamp>2026-02-03T10:21:01Z</datestamp><setSpec>com_10630_1685</setSpec><setSpec>col_10630_38055</setSpec></header><metadata><record xmlns="http://www.loc.gov/MARC21/slim" xmlns:dcterms="http://purl.org/dc/terms/" xmlns:doc="http://www.lyncode.com/xoai" xmlns:xsi="http://www.w3.org/2001/XMLSchema-instance" xsi:schemaLocation="http://www.loc.gov/MARC21/slim http://www.loc.gov/standards/marcxml/schema/MARC21slim.xsd">
   <leader>00925njm 22002777a 4500</leader>
   <datafield ind2=" " ind1=" " tag="042">
      <subfield code="a">dc</subfield>
   </datafield>
   <datafield ind2=" " ind1=" " tag="720">
      <subfield code="a">Domínguez Guerra, Carlos Alberto</subfield>
      <subfield code="e">author</subfield>
   </datafield>
   <datafield ind2=" " ind1=" " tag="260">
      <subfield code="c">2021-01-18</subfield>
   </datafield>
   <datafield ind2=" " ind1=" " tag="520">
      <subfield code="a">El presente trabajo es el resultado del bagaje obtenido durante los años que he estado estudiando el Grado de Bellas Artes, y se presenta como una propuesta de instalación de diferentes piezas escultóricas que pueden ser rodeadas y vistas desde diferentes puntos de vista y que tiene la posibilidad de funcionar como piezas individuales. El objetivo principal es, a través de un enfoque ecosistémico, el de conectar al espectador con el medioambiente y crear conciencia de conservación a través de la belleza que se esconde tras las escenas cotidianas de la naturaleza. Es primordial que el espectador reflexione sobre lo que está viendo y se integre en estas escenas de naturaleza salvaje para que sea consciente del daño que estamos haciendo a través del consumo desenfrenado, aportando diariamente, entre todos, toneladas de desechos plásticos, humos tóxicos y todo tipo de sustancias contaminantes a nuestro planeta.&#xd;
Para las piezas expuestas se han elegido dos de las diez especies marinas que en la actualidad se encuentran en la Lista Roja de especies amenazadas de la IUCN1 , en Peligro Crítico de extinción como son la Ballena Jorobada (Eschrichtius robustus) y la Tortuga Laúd (Dermochelys coriacea)2 con la intención de poner en contacto al espectador con el mundo que estamos destruyendo.</subfield>
   </datafield>
   <datafield ind1="8" ind2=" " tag="024">
      <subfield code="a">https://hdl.handle.net/10630/20735</subfield>
   </datafield>
   <datafield tag="653" ind2=" " ind1=" ">
      <subfield code="a">Bellas Artes - Trabajos Fin de Grado</subfield>
   </datafield>
   <datafield tag="653" ind2=" " ind1=" ">
      <subfield code="a">Grado en Bellas Artes - Trabajos Fin de Grado</subfield>
   </datafield>
   <datafield tag="653" ind2=" " ind1=" ">
      <subfield code="a">Arte</subfield>
   </datafield>
   <datafield ind2="0" ind1="0" tag="245">
      <subfield code="a">En profunidiad III = In deep III</subfield>
   </datafield>
</record>
</metadata></record></GetRecord></OAI-PMH>